000 00594nam a2200217Ia 4500
003 OSt
005 20230511171447.0
008 210423s2005 xx 000 0 und d
020 _a8123905130
040 _cAL
041 _aeng
082 _a615.19028
_223
_bBECA
100 _aBECKETT (A H);STENLAKE (J B).
_9104033
245 _aPractical pharmaceutical chemistry- P1.
250 _a4
260 _aNew Delhi
_bCBS Publications
_c2005
300 _aviii,326
_bPB
365 _b240
_cINR
906 _achemistry. ; chemistry-part ; one. ; pharmaceutical ; Practical
942 _2ddc
_cBK
999 _c164362
_d164362